000
00257nam a2200109Ia 4500
008
190216s9999||||xx |||||||||||||| ||und||
100
_a
Jeffrey Archer
245
2
_a
A Matter Of Honour
260
_b
Bantam Books
650
_a
English Literature
942
_c
BK
999
_c
13356
_d
13356